000 01604cam a2200457 i 4500
001 2545
003 KOSZ 005
005 20221025084131.0
008 981118s1985 pl a f |000 0 pol
015 _aPB 1985/7614
020 _a832040679X
040 _aWA N
_cWA N
_dKOSZ 005/HR
041 1 _apol
_heng
046 _k1972
080 _a620.193
080 _a620.197
100 1 _aWranglén, Gösta
_eAutor
245 1 0 _aPodstawy korozji i ochrony metali /
_cGosta Wranglén ; z ang. tł. Jerzy Iwanow, Jerzy Jaszczyński.
246 1 _iTyt. oryg.:
_aIntroduction to corrosion and protection of metals,
_f1972.
250 _aWyd. 2.
260 _aWarszawa :
_bWydawnictwa Naukowo-Techniczne,
_c1985.
300 _a331, [1] s. :
_bfot. ;
_c21 cm.
336 _2rdacontent
_aTekst
_btxt
337 _2rdamedia
_aBez urządzenia pośredniczącego
_bn
338 _2rdacarrier
_aWolumin
_bnc
380 _aKsiążki
388 _a1901-2000
388 _a1945-1989
500 _aTyt. oryg.: An introduction to corrosion and protection of metals, 1972.
504 _aBibliogr. s. 323-324.
650 4 _aKorozja i erozja
650 4 _aMetale
650 4 _aOchrona i konserwacja
650 4 _aZapobieganie
658 _aInżynieria i technika
700 1 _aIwanow, Jerzy
_c(chemik)
_eTłumaczenie
700 1 _aJaszczyński, Jerzy
_eTłumaczenie
710 2 _aWydawnictwa Naukowo-Techniczne
_4pbl.
856 _uhttp://koha.tu.koszalin.pl/cgi-bin/koha/opac-detail.pl?biblionumber=2545
_yKatalog online BPK
942 _2UKD
_cKS
999 _c2545
_d2545